• 首页
  • 本馆介绍
  • 公告通知
  • 最新文献
  • 馆藏检索
  • 电子资源
  • 读者导购
  • 参考咨询
  • 我的图书馆
  • 登录
  • 详细信息显示
  • 放入我的书架
  • 预约/预借图书
  • 作者相关作品
  • 分类相关作品
  • 丛书相关作品
  • 出版社相关作品

书目信息

  • 表格格式
  • 工作单格式
  • 卡片格式
题名:
转型国家银行改革及其对经济增长影响分析
    
 
作者: 窦菲菲 著
分册:  
出版信息: 北京   法律出版社  2009
页数: 11,257页
开本: 21cm
丛书名: 华东政法大学复校三十周年庆典文丛
单 册:
中图分类: F832.33
科图分类:
主题词: 外资公司--商业银行--经济体制改革--研究--中国 , 外资公司 , 商业银行 , 经济体制改革
电子资源:
ISBN: 978-7-5036-9832-3
000 01043nam0 2200289 450
001 100428671195
005 20110224091358.32
010    @a978-7-5036-9832-3@dCNY27.00
035    @a004354494
100    @a20091217d2009 em y0chiy0110 ea
101 0  @achi
102    @aCN@b110000
105    @ay z 000yy
106    @ar
200 1  @a转型国家银行改革及其对经济增长影响分析@9zhuan xing guo jia yin hang gai ge ji qi dui jing ji zeng zhang ying xiang fen xi@e基于外资银行视角@f窦菲菲著
210    @a北京@c法律出版社@d2009
215    @a11,257页@d21cm
225 1  @a华东政法大学复校三十周年庆典文丛
330    @a本书以外贸银行进入作为切入点,对其促进经济增长的传导机制进行深入探讨,在此基础上,对转型国家外贸银行进入对经济增长的影响做了理论研究和实证检验。
606 0  @a外资公司@x商业银行@x经济体制改革@x研究@y中国
606 0  @a外资公司
606 0  @a商业银行
606 0  @a经济体制改革
690    @aF832.33@v4
701  0 @a窦菲菲@9dou fei fei@4著
801  0 @aCN@bNLC@c20110224
905    @b205978183-218@h597818-21@dF832.33@e84@f4
    
    转型国家银行改革及其对经济增长影响分析:基于外资银行视角/窦菲菲著.-北京:法律出版社,2009
    11,257页;21cm.-(华东政法大学复校三十周年庆典文丛)
    
    
    ISBN 978-7-5036-9832-3:CNY27.00
    本书以外贸银行进入作为切入点,对其促进经济增长的传导机制进行深入探讨,在此基础上,对转型国家外贸银行进入对经济增长的影响做了理论研究和实证检验。
●
相关链接 在E读中查询图书 在五车中查询图书 在当当中查询图书 在豆瓣中查询图书


正题名:转型国家银行改革及其对经济增长影响分析     索取号:F832.33/84         预约/预借

序号 登录号 条形码 馆藏地/架位号 状态 备注
1 597818   205978183   第一样本阅览室/ [索取号:F832.33/84] 在馆    
2 597819   205978192   第一借阅区/ [索取号:F832.33/84] 在馆    
3 597820   205978209   第一借阅区/ [索取号:F832.33/84] 在馆    
4 597821   205978218   第一借阅区/ [索取号:F832.33/84] 在馆    
唐山师范学院图书馆 欢迎您!
大连网信软件有限公司© 版权所有